Scottish FA Cup Winners - Statistics

General Stats
  • This quiz has been taken 55 times
  • The average score is 17 of 25
Answer Stats
Wins Answer % Correct
7 Aberdeen
100%
39 Celtic
100%
3 Hibernian
100%
33 Rangers
100%
1 Dundee
98%
8 Heart of Midlothian
95%
2 Dundee United
93%
3 Kilmarnock
82%
1 Inverness Caledonian Thistle
75%
2 Motherwell
75%
1 Saint Johnstone
73%
3 Clyde
68%
3 Saint Mirren
68%
10 Queen's Park
66%
2 Falkirk
64%
1 Partick Thistle
64%
1 Dumbarton
52%
2 Dunfermline Athletic
52%
1 Greenock Morton
52%
1 East Fife
48%
2 Third Lanark
45%
3 Vale of Leven
32%
1 Airdrieonians
30%
2 Renton
27%
1 Saint Bernards
14%
No matching quizzes found
Score Distribution
Percent of People with Each Score
Percentile by Number Answered
Your Score History
You have not taken this quiz